Hiszpański #1 - owoce - Statystyki

Ogólne statystyki
  • Ten quiz został rozwiązany 451 razy
  • Średni wynik to 10 z 15
Statystyki odpowiedzi
Hiszpański Polski % Poprawnych
la manzana jabłko
96%
el limon cytryna
94%
la naranja pomarańcza
93%
la lima limonka
89%
el platano banan
87%
la sandia arbuz
82%
la pera gruszka
77%
la fresa truskawka
77%
la frambuesa malina
61%
la cereza wiśnia
55%
la uva winogrona
50%
la ciruela śliwka
45%
el melocoton brzoskwinia
42%
el albaricoque morela
25%
el pomelo grejpfrut
21%
Nie znaleziono quizów pasujących do podanych kryteriów
Rozkład punktacji
Procent ludzi z każdym wynikiem
Percentyl według liczby udzielonych odpowiedzi
Twoja historia wyników
Nie rozwiązałeś tego quizu